000 00659nam a2200241Ia 4500
003 OSt
005 20221005090233.0
006 a|||||r|||| 00| 0
007 ta
008 221004b |||||||| |||| 00| 0 eng d
024 _a103223
037 _cTextual
040 _aCRL
_cCRL
_beng
041 _2eng
_aeng
082 _aD65, K6
100 _aPhillips Leon F
_9615008
245 0 _aElectronics for experimenters in chemistry physics and biology
260 _aNew York
_bJohn Wiley and Sons Inc.
_c1966
500 _aDSK Collection
650 _aENGINEERING
942 _hD65, K6
_cTEXL
_2cc
999 _c995396
_d995396